Meilleur Jeune du Tour de France - Statistiques

Statistiques générales
  • Ce quiz a été pris 685 fois
    69 depuis la dernière actualisation
  • Le résultat moyen est 21 sur 51
Statistiques - réponses
Année Nationalité Vainqueur % Correct
2020 Slovénie Tadej Pogacar
100%
2021 Slovénie Tadej Pogacar
100%
2022 Slovénie Tadej Pogacar
100%
2023 Slovénie Tadej Pogacar
100%
2024 Belgique Remco Evenepoel
94%
2019 Colombie Egan Bernal
89%
2008 Luxembourg Andy Schleck
86%
2009 Luxembourg Andy Schleck
86%
2010 Luxembourg Andy Schleck
86%
2007 Espagne Alberto Contador
80%
2013 Colombie Nairo Quintana
80%
2015 Colombie Nairo Quintana
80%
2014 France Thibaut Pinot
77%
2025 Allemagne Florian Lipowitz
74%
2011 France Pierre Rolland
71%
2016 Royaume-Uni Adam Yates
62%
2017 Royaume-Uni Simon Yates
62%
1996 Allemagne Jan Ullrich
61%
1997 Allemagne Jan Ullrich
61%
1998 Allemagne Jan Ullrich
61%
1983 France Laurent Fignon
59%
2012 Etats-Unis Tejay van Garderen
56%
2018 France Pierre Latour
55%
1984 Etats-Unis Greg LeMond
38%
1994 Italie Marco Pantani
38%
1995 Italie Marco Pantani
38%
2003 Russie Denis Menchov
35%
2002 Italie Ivan Basso
33%
2006 Italie Damiano Cunego
21%
2005 Ukraine Yaroslav Popovych
17%
2000 Espagne Francisco Mancebo
11%
1979 France Jean-René Bernaudeau
11%
2004 Russie Vladimir Karpets
11%
1986 Etats-Unis Andrew Hampsten
9%
1985 Colombie Fabio Parra
8%
1977 Allemagne de l'Ouest Dietrich Thurau
6%
1982 Australie Phil Anderson
6%
1987 Mexique Raul Alcala
6%
1999 France Benoît Salmon
5%
1988 Pays-Bas Erik Breukink
5%
1989 France Fabrice Philipot
5%
1975 Italie Francesco Moser
5%
1990 France Gilles Delion
5%
2001 Espagne Oscar Sevilla
5%
1981 Pays-Bas Peter Winnen
3%
1991 Colombie Alvaro Mejia
2%
1978 Pays-Bas Henk Lubberding
2%
1980 Pays-Bas Johan van der Velde
2%
1993 Espagne Antonio Martin Velasco
0%
1992 Pays-Bas Eddy Bouwmans
0%
1976 Espagne Enrique Martinez Heredia
0%
Aucun quiz correspondant
Distribution des résultats
% des personnes avec chaque résultat
Percentile par nombre de réponses
Votre historique - résultats
Vous n’avez pas pris ce quiz depuis la dernière actualisation